Самые крупные озера России - Statistics

General Stats
  • This quiz has been taken 53 times
  • The average score is 5 of 50
Answer Stats
Номер Площадь Озеро % Correct
2 31 500 Байкал
100%
1 371 000 Каспийское море
85%
3 17 703 Ладожское
81%
4 9 616 Онежское
77%
7 3 555 Чудско-Псковское
23%
10 1 290 Белое
19%
12 982 Ильмень
17%
5 4 560 Таймыр
15%
6 4 190 Ханка
11%
9 1 990 Чаны
11%
14 815 Сегозеро
9%
26 422 Умбозеро
9%
18 659 Пяозеро
6%
19 560 Выгозеро
6%
27 416 Воже
6%
33 334 Лача
6%
8 3 350 Убсу-Нур
4%
11 986 Топозеро
4%
15 812 Имандра
4%
16 735 Пясино
4%
22 458 Красное
4%
37 318 Лама
4%
40 270 Мелкое
4%
49 238 Ессей
4%
13 822 Хантайское
2%
17 728 Кулундинское
2%
20 552 Нерпичье (Камчатка)
2%
21 470 Лабаз
2%
23 452 Кета
2%
24 440 Убинское
2%
28 407 Кубенское
2%
30 360 Портнягино
2%
31 344 Маныч-Гудило
2%
34 330 Удыль
2%
36 322 Водлозеро
2%
41 270 Кунгасалах
2%
42 266 Сямозеро
2%
43 257 Среднее Куйто
2%
50 237 Нерпичье (Якутия)
2%
46 247 Яррото 1-е
2%
25 435 Пекульнейское
0%
29 366 Чукчагирское
0%
32 338 Болонь
0%
35 323 Моготиево
0%
38 314 Орель
0%
39 280 Кизи
0%
44 255 Пюхяярви
0%
45 249 Бустах
0%
47 242 Кроноцкое
0%
48 238 Сартлан
0%
No matching quizzes found
Score Distribution
Percent of People with Each Score
Percentile by Number Answered
Your Score History
You have not taken this quiz